| 000 | 01025nam a22002417a 4500 | ||
|---|---|---|---|
| 003 | OSt | ||
| 005 | 20250912161905.0 | ||
| 008 | 240208b ||||| |||| 00| 0 eng d | ||
| 040 | _c0 | ||
| 082 | _aDPer 621.381 In821 April 2022 v. 37 n. 4 | ||
| 100 |
_aGan, Naifeng. _eauthor. _952081 |
||
| 245 |
_aData-driven fault diagnosis of lithium-ion battery overdischarge in electric vehicles / _cNaifeng Gan, Zhenyu Sun, Zhaosheng Zhang, Shiqi Xu, Peng Liu, and Zian Qin. |
||
| 260 |
_aNew York ; _bThe Institute of Electrical and Electronics Engineers, Inc. , _cApril 2022. |
||
| 300 |
_aVolume 37, pages 4575-4588 : _billustration ; _c28 cm. |
||
| 500 | _aIEEE Transaction on Power Electronics, vol. 37, no. 4, pages 4575-4588, April 2022. | ||
| 700 |
_aGan, Naifeng. _eauthor. _952081 |
||
| 700 |
_aSun, Zhenyu. _eauthor. _952082 |
||
| 700 |
_aZhang, Zhaosheng. _eauthor. _952083 |
||
| 700 |
_aXu, Shiqi. _eauthor. _952084 |
||
| 700 |
_aLiu, Peng. _eauthor. _952085 |
||
| 700 |
_aQin, Zian. _eauthor. _952086 |
||
| 942 |
_2ddc _cPER |
||
| 999 |
_c19057 _d19057 |
||